| 000 | 00680nam a2200229 i 4500 | ||
|---|---|---|---|
| 001 | 15460 | ||
| 003 | ES-MaACL | ||
| 005 | 20250808062716.0 | ||
| 007 | t| | ||
| 008 | 000316s1998 sp ||||1| spa d | ||
| 020 | _a84-7914-385-1 | ||
| 080 | _a291.13 | ||
| 100 | 1 |
_aCencillo, Luis. _937397 |
|
| 245 | 1 | 4 |
_aLos mitos, sus mundos y su verdad / _cLuis Cencillo. |
| 260 |
_aMadrid : _bBiblioteca de Autores Cristianos, _c1998. |
||
| 300 |
_aXIII, 567 p. ; _c20 cm. |
||
| 490 | 1 |
_aBiblioteca de autores cristianos ; _v589 |
|
| 650 | 1 | 4 |
_aMito. _915091 |
| 830 | 0 | 0 |
_aBiblioteca de autores cristianos _v589 _9178679 |
| 852 |
_aES-MaACL _jJ-576 _bR.126962 |
||
| 999 |
_c15460 _d15460 |
||